| 000 | 00729nam a2200205 i 4500 | ||
|---|---|---|---|
| 001 | 101583 | ||
| 003 | ES-MaACL | ||
| 005 | 20250825075233.0 | ||
| 007 | t| | ||
| 008 | 051020s1969 mx ||||1| spa d | ||
| 245 | 0 | 4 |
_aLos medios de comunicación social / _crecopilación, introducción y comentarios especiales de Charles S. Steinberg ; [traducción de Luz María Trejo de Hernández]. |
| 260 |
_aMéxico, D.F. : _bRoble, _c1969. |
||
| 300 |
_aXV, 583 p. ; _c23 cm. |
||
| 650 | 7 |
_aMedios de comunicación social _2embne _914961 |
|
| 700 | 1 |
_aSteinberg, Charles Side. _9108046 |
|
| 700 | 1 |
_aTrejo de Hernández, Luz María. _9111288 |
|
| 852 | 4 |
_aES-MaACL _jE-9130 |
|
| 852 | 4 |
_aES-MaACL _jE-9226 |
|
| 999 |
_c101583 _d101583 |
||